Регионална библиотека "Любен Каравелов" - Русе

Искри над Янтра (Запис номер 159817)

MARC детайли
000 -Лидер
Контролно поле с фиксирана дължина 01514nam a2200361 c 4500
003 - Код на организацията, давaща контролен номер
Контролно поле BLK
005 - Дата и час на последна редакция
Контролно поле 20240325085629.0
008 - Елементи от данни с фиксирана дължина
fixed length control field 180410b bul|||||r ||||||| ||bul||
010 ## - Наследен системен номер
LC control number KNG00166991000
040 ## - Източник на каталожния запис
Идентификатор на билиотеката - собственик на записа BLK
041 ## - Код за език
Код за езика на текст/звукозапис или на отделно заглавие Български
Код за езика КДБФ Български
072 #7 - Код за тематичната категория
Код организация bullib
Код за тематична категория К
Текст Краезнание
080 ## - УДК
Текстов определител УДК Българска литература
УДК код - определител по УДК 821.163.2
УДК определител -82
УДК - код + определител 821.163.2-82
139 ## - Редно поле
Редна дума Искри над Янтра
Авторски знак Иск - И 92
245 10 - Сведения за заглавието
Заглавие Искри над Янтра
Подзаглавни данни Лит. сборник
Редно поле (дума) ред. Иван Коларов.
257 ## - Страна на издаване
Страна на създаване/издаване България
260 ## - Област на издателските данни
Име на издателя, разпространителя и проч. Лит. кръжок Гео Милев
Година на издаване 1968
300 ## - Физическа характеристика
Страници 80 с.
Илюстрации и др. с портр.
Размери/Мащаб 18 см
380 ## - Жанр
Жанр Худож. лит.
500 ## - Общи забележки
Забележка Изд. Орг. к-т по честване 90 год. от Освобождението на България - Бяла. 1 200 тир.
659 ## - Тематичен бюлетин
Тематичен бюлетин К
700 ## - Други автори (авторска отговорност)
Лично име Коларов, Иван
Дати, свързани с автора 1923 - 2009
Друга информация Поет, сатирик, литературен критик, журналист. Преводач от сърбохърватски, руски, турски език. Обретеник
Пълна форма на името Иванов, Иван Стоянов
9 (RLIN) 491867
852 ## - Местоположение
Форматна сигнатура Цб І 10354
852 ## - Местоположение
Форматна сигнатура К 821.163.2/И 91 Я
852 ## - Местоположение
Форматна сигнатура К 821.163.2/К 11 T
856 4# - Електронен адрес и достъп
Електронен формат pdf - файл
856 4# - Електронен адрес и достъп
Електронен формат pdf - файл
999 ## - СИСТЕМНИ КОНТРОЛНИ НОМЕРА
Koha biblionumber 159817
Koha biblioitemnumber 159817
942 ## - АРТИКУЛИ
Вид на библиотечния материал Книги
Скрит в OPAC Не
Периодичен библиозапис Да
944 ## - СЪЗДАВАНЕ И РЕДАКЦИЯ на ЗАПИСА
Създаване/Редакция Създаване
Дата на регистрацията/редакция 07.11.2014
Статус, дата на статуса Геновева Генчева
Служител, извършил регистрацията/редакцията 30560
944 ## - СЪЗДАВАНЕ И РЕДАКЦИЯ на ЗАПИСА
Създаване/Редакция Редакция
Дата на регистрацията/редакция 07.11.2014
Статус, дата на статуса 07.11.2014 - от С1,Р / 07.11.2014
999 ## - СИСТЕМНИ КОНТРОЛНИ НОМЕРА
Koha biblioitemnumber 159817
999 ## - СИСТЕМНИ КОНТРОЛНИ НОМЕРА
Koha biblioitemnumber 159817
Наличности
Код за отписване Код за изгубен артикул Източник на класификационната схема Код за повреда Коз за рестрикции Код за отдаване Артикулен № Име на библиотеката - собственик Име на библиотеката, в която се намира в момента Статус (Текущо местоположение) Дата на вписване в системата Местоположение - отдел Цена в лева Инвентарен номер Систематично азбучна сигнатура Баркод Номер на екземпляра Цена в евро Служебна бележка Служебен тип на артикула
  Не е изгубен Universal Decimal Classification Не е повреден само за читалня ползва се в читалня 267082 Регионална библиотека "Любен Каравелов" Русе Регионална библиотека "Любен Каравелов" Русе Хранилище 1968-01-01 Хранилище 0.20 5697/68 Цб І 10354 900000030377 1 0.10 Дост: Dp Вид: Д Дата: 01.01.1968 Книги
  Не е изгубен Universal Decimal Classification Не е повреден без рестрикции ползва се в читалня 267083 Регионална библиотека "Любен Каравелов" Русе Регионална библиотека "Любен Каравелов" Русе Краезнание 1968-01-01 Краезнание 0.16 18562/68 К 821.163.2/И 91 Я 900000003611 2 0.08 Вид: Сф Дата: 01.01.1968 Дата инв: 14.11.2017 Бележки инв: К2017 Книги
  Не е изгубен Universal Decimal Classification Не е повреден без рестрикции ползва се в читалня 267084 Регионална библиотека "Любен Каравелов" Русе Регионална библиотека "Любен Каравелов" Русе Краезнание 1968-01-01 Краезнание 0.16 18563/68 К 821.163.2/И 91 Я 900000003610 3 0.08 Вид: Сф Дата: 01.01.1968 Дата инв: 16.11.2017 Бележки инв: К2017 Книги
Vip Innovations Ltd, Rousse, Bulgaria 2025